000 00715nam a22002297a 4500
003 UA-OsUOA
001 38806
007 ta
008 20060526b un ||||| |||| 00| 0 ukr d
090 _a349.3(477)
_bП68
942 _cBK
040 _aUA-OsUOA
_bukr
_cUA-OsUOA
_dUA-OsUOA
245 _aПраво соціального забезпечення України
_bНавч. посібник
_cБ.С. Стичинський, І.В. Зуб
300 _a440 с.
955 _a2
041 _aukr
080 _a349.3(477)
020 _a966-7791-26-2
260 _aК.
_b"Юридична книга"
_c2003
650 7 _a349.3 Право соціального забезпечення
_2UDC
999 _c324955
_d324955